[Event "Cambridge op 3rd"]
[Site "Cambridge"]
[Date "2025.05.31"]
[Round "9"]
[White "Hedger, Alec"]
[Black "Xu, Jiarui"]
[Result "1/2-1/2"]
[WhiteElo "1924"]
[BlackElo "1725"]
[PlyCount "58"]
[EventDate "2025.05.26"]
[EventType "tourn"]
[EventRounds "9"]
[EventCountry "ENG"]
[SourceTitle "CB23_2025"]
[SourceDate "2025.06.04"]
[SourceVersion "1"]
[SourceVersionDate "2025.06.04"]
[SourceQuality "1"]

1. e4 c6 2. d4 d5 3. exd5 cxd5 4. Bd3 Nc6 5. c3 Nf6 6. Bf4 e6 7. Nd2 Bd6 8. Bxd6 Qxd6 9. Ngf3 0-0 10. 0-0 Re8 11. Re1 e5 12. dxe5 Nxe5 13. Nxe5 Rxe5 14. Rxe5 Qxe5 15. Nf3 Qd6 16. h3 Be6 17. Bc2 Qb6 18. Bb3 a5 19. Qd4 Qxd4 20. Nxd4 Kf8 21. Bc2 Bd7 22. Re1 Re8 23. Rxe8+ Kxe8 24. f3 g6 25. b4 axb4 26. cxb4 Ke7 27. Kf2 Ne8 28. Ke3 Kd6 29. f4 f5 1/2-1/2

[Event "Cambridge op 3rd"]
[Site "Cambridge"]
[Date "2025.05.30"]
[Round "8"]
[White "Udovenko, Daniel"]
[Black "Hedger, Alec"]
[Result "1-0"]
[WhiteElo "2160"]
[BlackElo "1924"]
[PlyCount "89"]
[EventDate "2025.05.26"]
[EventType "tourn"]
[EventRounds "9"]
[EventCountry "ENG"]
[SourceTitle "CB23_2025"]
[SourceDate "2025.06.04"]
[SourceVersion "1"]
[SourceVersionDate "2025.06.04"]
[SourceQuality "1"]

1. d4 d5 2. c4 e6 3. Nf3 c6 4. e3 Bd6 5. Nc3 f5 6. Be2 Nf6 7. Ne5 0-0 8. 0-0 Nbd7 9. f4 Ne4 10. Nxe4 fxe4 11. Bd2 Nxe5 12. dxe5 Be7 13. Bc3 b6 14. Qd2 Ba6 15. cxd5 Bxe2 16. Qxe2 cxd5 17. Rac1 Qd7 18. Rc2 Rac8 19. Qh5 Bc5 20. Qe2 d4 21. Bxd4 Bxd4 22. Rd2 Bxe3+ 23. Qxe3 Qa4 24. b3 Qa3 25. g3 Rfd8 26. Re2 Rd3 27. Qxe4 Qc5+ 28. Rff2 Rcd8 29. Rc2 Qa5 30. Qc6 Kf7 31. Kg2 g6 32. Rce2 Rd2 33. Kh3 h5 34. Qg2 R2d5 35. Rc2 R8d7 36. Rfe2 Qb4 37. Qe4 Rd4 38. Qa8 Qe7 39. Qh8 Qe8 40. Qf6+ Kg8 41. Rc6 Re7 42. Rec2 Rd8 43. Rc7 Rdd7 44. Rc8 Rd8 45. R2c7 1-0

[Event "Cambridge op 3rd"]
[Site "Cambridge"]
[Date "2025.05.29"]
[Round "6"]
[White "Kalavannan, Koby"]
[Black "Hedger, Alec"]
[Result "0-1"]
[WhiteElo "2303"]
[BlackElo "1924"]
[PlyCount "110"]
[EventDate "2025.05.26"]
[EventType "tourn"]
[EventRounds "9"]
[EventCountry "ENG"]
[SourceTitle "CB23_2025"]
[SourceDate "2025.06.04"]
[SourceVersion "1"]
[SourceVersionDate "2025.06.04"]
[SourceQuality "1"]

1. Nf3 d5 2. g3 c6 3. Bg2 Bf5 4. c4 e6 5. Qb3 Qb6 6. d3 h6 7. Be3 dxc4 8. Qxb6 axb6 9. dxc4 Nd7 10. 0-0 Ngf6 11. Nc3 Be7 12. Rfd1 e5 13. h3 0-0 14. a3 Be6 15. Nd2 Rfd8 16. g4 Bc5 17. Bxc5 Nxc5 18. Rab1 Ne8 19. b4 Na4 20. Nce4 f5 21. gxf5 Bxf5 22. Rdc1 Nd6 23. Rb3 Nxe4 24. Nxe4 Rd4 25. Re3 Nb2 26. Ng3 Bg6 27. Rxe5 Nxc4 28. Re7 Nd6 29. e3 Rd3 30. b5 c5 31. Bxb7 Raxa3 32. Bc6 c4 33. Ne2 Rd2 34. Nc3 Rc2 35. Rxc2 Bxc2 36. Rd7 Rxc3 37. Rxd6 Rd3 38. Re6 Kf7 39. Re8 c3 40. Rc8 Rd1+ 41. Kh2 Bf5 42. Rc7+ Kf6 43. Bf3 c2 44. Rc6+ Ke7 45. e4 Bxe4 46. Bxe4 c1Q 47. Rxc1 Rxc1 48. Kg3 Rc5 49. Bc6 Rxc6 50. bxc6 Kd6 51. Kf4 b5 52. Ke4 Kxc6 53. Kd4 Kd6 54. h4 g6 55. f3 b4 0-1

[Event "BCF-chT3E 2224 (4NCL)"]
[Site "England"]
[Date "2024.05.06"]
[Round "11.32"]
[White "Hedger, Alec"]
[Black "Hughes, Roy"]
[Result "1-0"]
[WhiteElo "2071"]
[BlackElo "2043"]
[PlyCount "101"]
[EventDate "2023.11.11"]
[EventType "team-tourn"]
[EventRounds "11"]
[EventCountry "ENG"]
[SourceTitle "EXT 2025"]
[Source "ChessBase"]
[SourceDate "2024.10.14"]
[SourceVersion "1"]
[SourceVersionDate "2024.10.14"]
[SourceQuality "1"]
[WhiteTeam "Sussex Martlets II"]
[BlackTeam "Iceni"]
[WhiteTeamCountry "ENG"]
[BlackTeamCountry "ENG"]

1. e4 d5 2. exd5 Qxd5 3. Nc3 Qd6 4. d4 Nf6 5. Nf3 c6 6. Ne5 Nbd7 7. Nc4 Qc7 8. a4 Nb6 9. Ne5 Nbd5 10. Nxd5 Nxd5 11. a5 e6 12. g3 Bd6 13. Nc4 Be7 14. Bg2 0-0 15. 0-0 c5 16. dxc5 Bxc5 17. Ne3 Nxe3 18. Bxe3 Bxe3 19. fxe3 a6 20. Ra4 e5 21. Qh5 Be6 22. Rh4 h6 23. g4 Qe7 24. g5 Qxg5 25. Qxg5 hxg5 26. Rb4 Rab8 27. Rxb7 Rxb7 28. Bxb7 Rb8 29. Bxa6 Rxb2 30. Rd1 g6 31. Rd8+ Kg7 32. Bd3 Ra2 33. a6 e4 34. Bb5 Ra5 35. c4 f5 36. Rd6 Bf7 37. Rb6 f4 38. c5 fxe3 39. c6 Ra1+ 40. Kg2 Ra2+ 41. Kg3 e2 42. Bxe2 Rxe2 43. a7 Re3+ 44. Kf2 Rf3+ 45. Ke1 Re3+ 46. Kd2 Rd3+ 47. Kc2 Ra3 48. c7 Ra2+ 49. Kb1 e3 50. c8Q e2 51. Qc3+ 1-0

[Event "British Universities-ch"]
[Site "Leicester"]
[Date "2024.02.24"]
[Round "?"]
[White "Hedger, Alec"]
[Black "Jain, Gautam"]
[Result "1/2-1/2"]
[WhiteElo "1548"]
[BlackElo "1837"]
[PlyCount "111"]
[EventDate "2024.02.24"]
[EventType "team-swiss (rapid)"]
[EventRounds "9"]
[EventCountry "ENG"]
[SourceTitle "CBM 219 Extra"]
[Source "ChessBase"]
[SourceDate "2024.05.31"]
[SourceVersion "1"]
[SourceVersionDate "2024.05.31"]
[SourceQuality "1"]
[WhiteTeam "UCL"]
[BlackTeam "Imperial"]
[WhiteTeamCountry "ENG"]
[BlackTeamCountry "ENG"]

1. e4 e5 2. Nf3 Nc6 3. d4 exd4 4. Nxd4 Nf6 5. Nxc6 bxc6 6. e5 Qe7 7. Qe2 Nd5 8. Nd2 g6 9. c4 Ba6 10. Nf3 Bg7 11. Bg5 Qb4+ 12. Qd2 Qxd2+ 13. Kxd2 Nb6 14. b3 0-0 15. Re1 Rfe8 16. Bd3 d6 17. exd6 cxd6 18. c5 Bxd3 19. cxb6 Be4 20. b7 Rab8 21. Bf4 Rxb7 22. Ng5 Rbe7 23. Bxd6 Rd8 24. Nxe4 f5 25. Kc2 Rxe4 26. Rxe4 fxe4 27. Bc5 a6 28. Re1 Rd5 29. b4 Bd4 30. Rd1 Be5 31. Rxd5 cxd5 32. h3 Kf7 33. a4 Ke6 34. Kb3 d4 35. Kc4 d3 36. Be3 h5 37. b5 axb5+ 38. axb5 Kf5 39. b6 g5 40. Kd5 Bf4 41. b7 Bb8 42. g4+ hxg4 43. hxg4+ Kxg4 44. Kxe4 Kh4 45. Kxd3 g4 46. Ke2 g3 47. f4 Kg4 48. Kf1 Kf5 49. Kg2 Kg4 50. Bd2 Bc7 51. Bc1 Bd6 52. Be3 Bb8 53. Bd2 Bc7 54. Be3 Bb8 55. Bc1 Bd6 56. Be3 1/2-1/2

[Event "BCF-chT3E 2223 (4NCL)"]
[Site "England"]
[Date "2023.05.01"]
[Round "11.14"]
[White "Talsma, Paul"]
[Black "Hedger, Alec"]
[Result "1/2-1/2"]
[WhiteElo "2170"]
[BlackElo "2007"]
[PlyCount "71"]
[EventDate "2022.11.05"]
[EventType "team-tourn"]
[EventRounds "11"]
[EventCountry "ENG"]
[SourceTitle "EXT 2024"]
[Source "ChessBase"]
[SourceDate "2023.10.10"]
[SourceVersion "1"]
[SourceVersionDate "2023.10.10"]
[SourceQuality "1"]
[WhiteTeam "Anglian Avengers"]
[BlackTeam "Sussex Martlets II"]
[WhiteTeamCountry "ENG"]
[BlackTeamCountry "ENG"]

1. d4 d5 2. c4 e6 3. Nc3 c6 4. Nf3 dxc4 5. a4 Bb4 6. e3 b5 7. Bd2 a5 8. Rb1 Bxc3 9. bxc3 Qd5 10. e4 Qxe4+ 11. Be2 Bd7 12. 0-0 f6 13. Re1 Qd5 14. axb5 cxb5 15. Ne5 Qd6 16. Bf3 Ra6 17. Bf4 fxe5 18. Bxe5 Qe7 19. Bh5+ g6 20. Bxh8 gxh5 21. d5 Nf6 22. Bxf6 Qxf6 23. Qxh5+ Kd8 24. dxe6 Rxe6 25. Rxe6 Qxe6 26. Rd1 Kc7 27. Qxh7 b4 28. h4 b3 29. h5 Qf5 30. Qg8 Be6 31. Qd8+ Kb7 32. Qe7+ Nd7 33. h6 Qh5 34. Rxd7+ Bxd7 35. Qxd7+ Kb6 36. Qd6+ 1/2-1/2

[Event "BCF-chT4S 1920 (4NCL)"]
[Site "England"]
[Date "2019.11.10"]
[Round "2.133"]
[White "Shearsby, Jude"]
[Black "Hedger, Alec"]
[Result "0-1"]
[WhiteElo "1757"]
[BlackElo "1810"]
[PlyCount "116"]
[EventDate "2019.11.09"]
[EventType "team-swiss"]
[EventRounds "11"]
[EventCountry "ENG"]
[SourceTitle "EXT 2022"]
[Source "ChessBase"]
[SourceDate "2021.10.06"]
[SourceVersion "1"]
[SourceVersionDate "2021.10.06"]
[SourceQuality "1"]
[WhiteTeam "Warwicks Select III"]
[BlackTeam "Sussex Martlets III"]
[WhiteTeamCountry "ENG"]
[BlackTeamCountry "ENG"]

1. d4 d5 2. Bf4 c6 3. e3 e6 4. Nf3 f5 5. Bd3 Nf6 6. Ne5 Bd6 7. Nd2 0-0 8. c3 Ne4 9. Ndf3 g5 10. Bg3 Nxg3 11. hxg3 g4 12. Nh2 Bxe5 13. dxe5 Qg5 14. Qa4 Nd7 15. Qf4 Qg7 16. Nf1 Nxe5 17. Bc2 Nc4 18. Qh6 Qxh6 19. Rxh6 Kg7 20. Rh4 Nxb2 21. Kd2 Nc4+ 22. Ke2 b6 23. Nd2 Nxd2 24. Kxd2 Rf6 25. Rah1 h6 26. f3 gxf3 27. gxf3 Bd7 28. g4 fxg4 29. Rxg4+ Kf7 30. Rgh4 Rh8 31. f4 Ke7 32. Rg4 h5 33. Rg7+ Rf7 34. Rg5 h4 35. Rg4 h3 36. Rg3 e5 37. fxe5 Rf2+ 38. Kd1 Rg2 39. Rg6 Rxg6 40. Bxg6 h2 41. Ke2 Bg4+ 42. Kf2 Ke6 43. Bd3 Bf5 44. Be2 Be4 45. Bf3 Rf8 46. Rxh2 Rxf3+ 47. Ke2 Kxe5 48. Rh5+ Rf5 49. Rh6 Rf6 50. Rh5+ Kd6 51. Rh8 Rf7 52. Rh6+ Kc5 53. Rh2 Rg7 54. Kd1 Rg1+ 55. Kd2 Rg2+ 56. Rxg2 Bxg2 57. a3 Kc4 58. Kc2 Be4+ 0-1

[Event "BCF-chT4S 1819 (4NCL)"]
[Site "England"]
[Date "2019.05.05"]
[Round "10.72"]
[White "Gogia, Armaan"]
[Black "Hedger, Alec"]
[Result "0-1"]
[WhiteElo "1982"]
[BlackElo "1727"]
[PlyCount "82"]
[EventDate "2018.11.17"]
[EventType "team-swiss"]
[EventRounds "11"]
[EventCountry "ENG"]
[SourceTitle "EXT 2021"]
[Source "ChessBase"]
[SourceDate "2020.10.23"]
[SourceVersion "1"]
[SourceVersionDate "2020.10.23"]
[SourceQuality "1"]
[WhiteTeam "Ashfield II"]
[BlackTeam "Sussex Martlets III"]
[WhiteTeamCountry "ENG"]
[BlackTeamCountry "ENG"]

1. e4 c5 2. Nf3 e6 3. d4 cxd4 4. Nxd4 Nf6 5. Nc3 Bb4 6. f3 d5 7. Bb5+ Bd7 8. e5 Bxc3+ 9. bxc3 Ng8 10. Bxd7+ Nxd7 11. f4 a6 12. Qg4 g6 13. 0-0 Rc8 14. Bd2 Ne7 15. Rae1 Nc5 16. Re3 Ne4 17. Be1 Qb6 18. Kh1 Nf5 19. Nxf5 exf5 20. Qe2 Qb5 21. Qxb5+ axb5 22. Rd3 Rc5 23. Kg1 Ke7 24. Bf2 Nxf2 25. Kxf2 Rhc8 26. Ke1 Ra8 27. Kd2 Rxa2 28. Rb1 Ra4 29. g3 Ke6 30. Rd4 Ra3 31. Rd3 Kd7 32. Re3 h6 33. h4 Ra4 34. Rd3 h5 35. Kd1 Kc6 36. Kd2 Re4 37. Rb4 Rcc4 38. Rb3 Kc5 39. Ra3 Ra4 40. Rb3 Ra1 41. Rb4 Ree1 0-1

[Event "BCF-chT4S 1718 (4NCL)"]
[Site "England"]
[Date "2017.11.11"]
[Round "1.24"]
[White "Hedger, Alec"]
[Black "Alcock, Graham P"]
[Result "0-1"]
[WhiteElo "1532"]
[BlackElo "1755"]
[PlyCount "36"]
[EventDate "2017.11.11"]
[EventType "team-swiss"]
[EventRounds "11"]
[EventCountry "ENG"]
[SourceTitle "EXT 2020"]
[Source "ChessBase"]
[SourceDate "2019.10.17"]
[SourceVersion "1"]
[SourceVersionDate "2019.10.17"]
[SourceQuality "1"]
[WhiteTeam "Sussex Martlets III"]
[BlackTeam "Surbiton"]
[WhiteTeamCountry "ENG"]
[BlackTeamCountry "ENG"]

1. e4 d5 2. exd5 Qxd5 3. Nc3 Qd6 4. d4 a6 5. Bc4 Nf6 6. Nge2 Qc6 7. Bb3 Qxg2 8. Ng3 Bg4 9. Qd3 Nc6 10. Bf4 0-0-0 11. d5 e5 12. Be3 e4 13. Ncxe4 Ne5 14. Qc3 Nf3+ 15. Ke2 Nxe4 16. Nxe4 Ng5+ 17. Kd3 Qxe4+ 18. Kd2 Bb4 0-1